000 00349nam a22001457a 4500
008 231025b ||||| |||| 00| 0 eng d
020 _a9780521431781
041 _aeng
080 _a621
082 _a621CAO
100 _a19
101 _aMEK
245 _aCONCEPTUAL DEVELOPMENTS OF 20TH CENTURY FIELD THEORIES
_cCAO.YU.TIAN
942 _2udc
_cBK
999 _c60463
_d60463